000 00621nam a22001695i 4500
001 170113
003 ES-MaACL
005 20250903083732.0
008 090202s1875 fr |||| | fre d
245 0 0 _aCatalogue de livres relatifs a l'architecture, a la sculpture, a la peinture et a la gravure en vente aux prix marqués a la Librairie de Rapilly, 5 quai Malaquais, 5, mars 1875.
260 _aParis :
_bRapilly,
_c[1875?]
300 _a104 p. ;
_c22 cm.
650 7 _aCatálogos de libreros
_2embne
_9139327
710 2 _aLibrairie de Rapilly.
_9139325
852 _aES-MaACL
_jT-171-F-2
999 _c170113
_d170113